LIBRARY & INFORMATION CENTRE, KCAET, TAVANUR

ONLINE PUBLIC ACCESS CATALOGUE (OPAC)

Meaning of Meaning A study of the influence if Language upon thought and the Science of symfolism / (Record no. 2809)

MARC details
000 -LEADER
fixed length control field 00495cam a2200169ua 4500
041 ## - LANGUAGE CODE
Language code of text/sound track or separate title eng
082 ## - DEWEY DECIMAL CLASSIFICATION NUMBER
Classification number 828.09
Item number OGD/ME
100 ## - MAIN ENTRY--AUTHOR NAME
Personal name Ogden , C K .
245 ## - TITLE STATEMENT
Title Meaning of Meaning A study of the influence if Language upon thought and the Science of symfolism /
250 ## - EDITION STATEMENT
Edition statement 10 /
260 ## - PUBLICATION, DISTRIBUTION, ETC. (IMPRINT)
Place of publication Lendon :
Name of publisher Routledge & Keyam Pacel ltd ,
Year of publication 1966.
300 ## - PHYSICAL DESCRIPTION
Number of Pages 363 ; .
700 1# - ADDED ENTRY--PERSONAL NAME
Personal name Richards, I A .
942 ## - ADDED ENTRY ELEMENTS (KOHA)
Koha item type Books
Holdings
Withdrawn status Lost status Damaged status Home library Current library Date acquired Full call number Accession Number Koha item type
Withdrawn     KAUAET Malayalam University 07/04/2012 828.09 11620 Books
free website counter